000 00623nam a2200181Ia 4500
008 100917s9999 xx 000 0 und d
082 _b47910
100 _aरजनीश
245 _aशेवटला दीस गोड व्हावा
260 _bजीवन जागृती केंद्र प्रकाशन
_c1978
300 _a135
365 _b10
520 _aअध्यात्म
630 _aशेवटला दीस गोड व्हावा
650 _aअध्यात्म
730 _aशेवटला दीस गोड व्हावा
942 _cBOOK
999 _c653304
_d653301